| 000 | 00447nam a2200145 a 4500 | ||
|---|---|---|---|
| 001 | 000039172 | ||
| 005 | 20201002031528.0 | ||
| 008 | 130606s2013 dr 000 0 spa d | ||
| 020 | _a9789945007138 | ||
| 040 |
_aDO-SdBNP _bspa _cBNPHU |
||
| 100 | 1 |
_aArvelo, Tulio H. _952435 |
|
| 245 | 1 | 0 |
_aMemorias de Tulio H. Arvelo / _cTulio H. Arvelo. |
| 260 |
_aSanto Domingo : _bComisión Permanente de Efemérides Patria, _c2013. |
||
| 300 |
_a143 p. ; _c23 cm. |
||
| 999 |
_c38662 _d38662 |
||